| 000 | 00782nam a2200217Ia 4500 | ||
|---|---|---|---|
| 003 | GCL | ||
| 008 | 140319s9999 xx 000 0 ara d | ||
| 040 |
_aGCL / _cGCL |
||
| 082 | 0 | 4 |
_a952 _bف ى |
| 100 | 1 | _aفوزى درويش | |
| 245 | 1 | 0 |
_aاليابان: الدولة الحديثة والدور الامريكى / _cفوزى درويش |
| 300 | _a385 ص | ||
| 490 |
_aالهيئة العامة للاستعلامات _v0 |
||
| 650 | 0 | 4 | _aاليابان |
| 650 | 0 | 4 | _aاليابان - الاحوال الاقتصادية |
| 650 | 0 | 4 | _aاليابان - تاريخ |
| 650 | 0 | 4 | _aاليابان - تاريخ - العصر الحديث |
| 650 | 0 | 4 | _aاليابان - القديم - تاريخ |
| 650 | 0 | 4 | _aاليابان - الاحوال السياسية |
| 942 |
_2ddc _cBK |
||
| 999 |
_c51973 _d51973 |
||